Zdravé pohádky z vlastní zahrádky /

Hlavní autor: Dunda, Michal, 1968-
Další autoři: Kopták, Miloš, 1969-
Jazyk: Čeština
Vydáno: Hradec Králové : Dukase, 2013
Vydání: Vyd. 1.
Témata:
Fyzický popis: 130 s. : barev. il. ; 20 cm
Knihy
Uloženo v:
LEADER 01295nam a2200373 a 4500
001 nkc20132457713
003 CZ PrNK
005 20140224094402.0
007 ta
008 130424s2013 xr a b 000 j cze
015 |a cnb002457713 
020 |a 978-80-904840-5-4  |q (váz.)  |z 978-80-904840-6-1 
035 |a (OCoLC)852383047 
040 |a OLA001  |b cze 
072 7 |a 821.162.3-3  |x Česká próza  |2 Konspekt  |9 25 
072 7 |a 821-93  |x Literatura pro děti a mládež (beletrie)  |2 Konspekt  |9 26 
080 |a 821.162.3-32  |2 MRF 
080 |a 821-93  |2 MRF 
080 |a (0:82-32)  |2 MRF 
100 1 |a Dunda, Michal,  |d 1968-  |7 hka2011669067  |4 aut 
245 1 0 |a Zdravé pohádky z vlastní zahrádky /  |c Michal Dunda ; [ilustroval Miloš Kopták] 
250 |a Vyd. 1. 
260 |a Hradec Králové :  |b Dukase,  |c 2013 
300 |a 130 s. :  |b barev. il. ;  |c 20 cm 
655 7 |a české příběhy  |7 fd133973  |2 czenas 
655 7 |a publikace pro děti  |7 fd133156  |2 czenas 
655 9 |a Czech stories  |2 eczenas 
655 9 |a children's literature  |2 eczenas 
700 1 |a Kopták, Miloš,  |d 1969-  |7 xx0050505  |4 ill 
910 2 |a BOA001  |b 1-1303.387 
990 |a BK 
995 |a 01 
991 |b 201305  |e db 
996 6 |b 2610549635  |c 1-1303.387  |l MZK  |r Sklad / do 1 hodiny  |n 1  |p p.v.  |w 001328899  |u 000010  |a 1  |e BOA001  |j MZK50  |s P